[Event "Novgorod it (PCA SC2)"]
[Site "Novgorod RUS"]
[Date "1995.06.05"]
[Round "9"]
[White "Kasparov, Garry"]
[Black "Timman, Jan"]
[Result "1/2-1/2"]
[WhiteElo "2805"]
[BlackElo "2635"]
[EventDate "1995.05.25"]
[Annotator "Hansen,Cu"]
[PlyCount "65"]
[Source "ChessBase"]

1.d4 {Dolmatov Dautov} 1...Nf6 2.c4 e6 3.Nc3 Bb4 4.Qc2 d5 5.cxd5 exd5 6.
Bg5 h6 7.Bh4 c5 8.dxc5 g5 ( 8...Nbd7 9.O-O-O Qa5 10.Nxd5 Nxd5 11.Qe4+ $16 
{Najdorf,M-Foerder,H/Buenos Aires ol f-A (04) ,HCL 37 1939/1-0 (51)} ) ( 
8...O-O $6 9.e3 ( 9.O-O-O Bxc3 10.Qxc3 g5 11.Bg3 Bf5 12.f3 Nbd7 13.Bd6 Rc8
14.e4 Bxe4 15.Bd3 Nxc5 16.Bxc5 b6 17.Kb1 Rxc5 18.Qd2 Bxd3+ {1/2-1/2 
Relange,E-Sosonko,G/Cannes op (02) ,EXP 46 1995} ) 9...Nbd7 ( 9...Nc6 10.
Nf3 g5 11.Bg3 Qa5 12.Bd3 Re8 $6 13.O-O Qxc5 14.Nb5 $5 Qxc2 15.Bxc2 $16 {
Bloch-Erofeev, USSR 1982} ) 10.Bd3 Qa5 11.Ne2 Bxc3+ 12.Qxc3 Qxc3+ 13.Nxc3 
Nxc5 14.Bc2 g5 15.Bg3 Be6 16.f3 a6 17.h4 Rfc8 18.hxg5 hxg5 19.O-O-O Ncd7 
20.Kb1 Kg7 21.Bb3 $16 {Kasparov,G-Kortschnoj,V/Tilburg 48/(739) 1989} ) ( 
8...Nc6 9.O-O-O $5 ( 9.e3 O-O ( 9...g5 10.Bg3 Ne4 11.Nf3 ( 11.Bd3 Bxc3+ 
12.bxc3 Nxc5 13.Ne2 Be6 14.Rb1 $14 {0-1 Bayram,Y-Kolev,At/Balkaniad-men 
(02) 1993 (42)} ) 11...Qf6 12.Rc1 ( 12.Bb5 $1 Nxc3 ( 12...Nxg3 13.hxg3 $14
) ( 12...O-O 13.O-O Nxc3 14.bxc3 Qxc3 15.Qxc3 Bxc3 16.Rac1 $14 ) 13.Bxc6+ 
bxc6 $2 ( 13...Qxc6 14.bxc3 Bxc5 15.O-O $14 ) 14.a3 $1 g4 $1 ( 14...Bf5 
15.Qd2 $16 ) 15.Be5 $1 $16 {1-0 Kasparov,G-Spassky,B/Linares 49/666 1990 
(29)} ( 15.Nd4 Nb5+ $13 ) ) 12...Bf5 13.Bd3 h5 14.h4 g4 15.Ng5 Nxc3 16.
bxc3 Qxc3+ 17.Qxc3 Bxd3 18.Bd6 Bf5 19.f3 Bxc3+ 20.Rxc3 f6 21.fxg4 Bxg4 22.
Nf3 {= Gelfand,B-Balashov,J/URS CH 1989} ) 10.Nf3 d4 11.O-O-O Qa5 12.Bxf6 
dxc3 13.Bxc3 Qxa2 14.Bb5 Bxc3 15.Qxc3 Be6 $44 {0-1 
Chabanon,J-Sokolov,A/Cannes op (02) ,EXP 46 1995 (34)} ) 9...g5 ( 9...Bxc3
$2 10.Qxc3 d4 11.Qa3 $1 Qe7 12.Nf3 O-O 13.Nxd4 Nxd4 14.Rxd4 Be6 15.Bg3 
Rfc8 16.Bd6 Qd8 17.e3 Ne4 18.Rxe4 Qxd6 19.Rc4 $1 Qe7 20.Rc3 $18 {
Bloch-Zier, corr. 1990/92} ) 10.Bg3 Bxc3 $6 ( 10...O-O $2 11.Nxd5 $1 Nxd5 
12.e4 Nce7 $8 13.Kb1 $6 Bxc5 $1 14.Bc4 $1 $16 {Bloch-Gubin, USSR 1983} ) (
10...Qa5 $5 11.e3 Be6 12.Nf3 $5 ) 11.Qxc3 d4 12.Qa3 O-O 13.e3 b6 $5 14.
exd4 ( 14.Nf3 $6 bxc5 $1 15.Qxc5 $6 Be6 $1 16.Nxd4 $2 Nxd4 $1 17.Qxd4 Qa5 
$1 $40 ) 14...Be6 {Bloch,MW-Prokofiev,AV/corr/1992 (26)} ( 14...Nxd4 $2 
15.Nf3 $1 bxc5 16.Qxc5 $18 ) 15.Ba6 $1 $16 ) 9.Bg3 Ne4 ( 9...Nc6 10.e3 Ne4
11.Nf3 ( 11.Bd3 $5 Nxc3 ( 11...Nxc5 $6 12.Ne2 d4 13.exd4 Nxd4 14.Nxd4 Qxd4
15.Bb5+ $16 ) ( 11...Bxc3+ 12.bxc3 Nxc5 13.Ne2 Nxd3+ 14.Qxd3 $14 ) ( 11...
Qa5 12.Ne2 $14 ) ( 11...Nxg3 $1 12.hxg3 d4 13.exd4 Qxd4 14.Ne2 Qxc5 15.O-O
Be6 $13 ) 12.bxc3 Qf6 13.Ne2 Bxc5 14.h4 $1 ( 14.Nd4 $14 ) 14...Bd7 ( 14...
Nb4 $2 15.Bb5+ Kf8 16.Qd1 $16 ) ( 14...Be6 $6 15.Rb1 O-O-O 16.Qa4 $40 Ne5 
17.Bxe5 Qxe5 18.Ba6 $1 Bb6 19.Qc6+ Qc7 20.Bxb7+ Kb8 21.Qxc7+ Kxc7 22.Ba6 
$16 ) ( 14...Kf8 15.Qb3 $16 ) 15.Qb3 Ne5 ( 15...Nb4 16.Bb1 $16 ) ( 15...
O-O-O 16.Qxd5 Be6 17.Qxc5 Rxd3 18.Nd4 $16 ) 16.Bxe5 ( 16.Qxd5 Nxd3+ 17.
Qxd3 Bc6 18.Kf1 Rd8 19.Nd4 $16 ) 16...Qxe5 17.hxg5 ( 17.Qxb7 $6 Rb8 18.Qa6
Rb6 19.Qa5 Bb4 20.Qxa7 Bxc3+ 21.Kf1 Rb4 $44 ) 17...hxg5 18.Rxh8+ Qxh8 19.
Qxb7 $16 {Glek,I-Podzielny,K/Bonn GSK (02) ,CBM 45 1995/1/2-1/2 (59)} ) 
11...Qa5 ( 11...Qf6 {Dolmatov} 12.Bb5 Nxc3 13.Bxc6+ bxc6 $6 14.a3 g4 15.
Be5 Ne4+ 16.axb4 Qf5 17.Bxh8 gxf3 18.Rg1 $16 {
Kasparov,G-Spassky,B/Linares/1990/} ) 12.Nd2 Nxc3 {/\ d4} ( 12...Bxc3 13.
bxc3 Qxc3 14.Qxc3 Nxc3 15.f3 Bf5 16.Kf2 O-O 17.h4 Rfe8 18.hxg5 hxg5 19.Nb3
Kg7 $13 {Kortschnoj,V-Portisch,L/Amsterdam/1990/} ) ( 12...Nxd2 $5 {
Maksimovic,B} 13.Qxd2 Be6 {/\ 0-0-0, d4} 14.Rc1 $6 ( 14.Bb5 {Maksimovic,B}
) 14...d4 $1 15.exd4 O-O-O $44 {|^ Drasko,M-Maksimovic,B/YUG 52/558/1991/}
) ( 12...Be6 {Maksimovic,B} 13.Nb3 $1 Bxc3+ 14.bxc3 Qxc3+ 15.Qxc3 Nxc3 16.
f3 $14 ) ( 12...Bf5 {Maksimovic,B} 13.Bd3 $14 ) ( 12...Nxc5 $5 {
Maksimovic,B /\ d4} 13.Nxd5 ( 13.Bb5 $1 Bxc3 14.Bxc6+ $8 ( 14.Qxc3 $2 Qxb5
15.Qxh8+ Ke7 $19 {><d3} ) 14...bxc6 15.bxc3 $1 ( 15.Qxc3 Qxc3 16.bxc3 $10 
) 15...Ba6 16.Nb3 $8 Qa4 $5 ( 16...Nxb3 17.Qxb3 Qb5 18.O-O-O {/\ h4+/=} ) 
17.Rd1 {Atalik,S-Maksimovic,B/Iraldion 59/(593)/1993} 17...Qe4 $10 ) 13...
Be6 $1 ( 13...Bf5 $6 14.Qxf5 Bxd2+ 15.Ke2 $16 ) 14.Nc3 $1 {/\ 15.Nc4, 
15.Bc4} ( 14.Nc3 O-O-O $40 ) ) 13.bxc3 Bxc3 14.Rb1 Qxc5 ( 14...a6 15.Bd6 
$16 {Glek,I-Jurerov/URS/1989/} ) 15.Rb5 Qa3 16.Rb3 ( 16.Rxd5 Be6 17.Rd3 
Nb4 ( 17...Bxd2+ 18.Rxd2 ) 18.Qxc3 Nxd3+ 19.Qxd3 Qc1+ 20.Ke2 O-O ( 20...
Rd8 21.Qb5+ Rd7 22.Bd6 ) 21.Nb3 Qb2+ 22.Qd2 Qb1 23.f3 Bxb3 24.axb3 Rfd8 
$19 ) 16...Bxd2+ 17.Qxd2 Qa5 18.Qxa5 $1 {N} ( 18.Bb5 Qxd2+ 19.Kxd2 Bd7 $15
{Spassky,B-Fischer,R/m(10)/1992} ) 18...Nxa5 19.Rb5 Nc6 ( 19...b6 $142 ) 
20.h4 $1 $16 {Sherbakov,R-Lyrberg,P/Jyvaskyla 61/579 1994 (49)} ( 20.Rxd5 
Be6 21.Rd2 O-O $5 {/\ Rfd8} ) ) 10.e3 Qa5 ( 10...Qf6 11.Bb5+ Bd7 ( 11...
Nc6 12.Ne2 a6 13.Bd3 Nxc5 14.a3 Be6 15.O-O $16 {
Falchetta,Giovanni-Magalotti,Andrea/Forli op (06) 1991 (36)} ) 12.Bxd7+ 
Nxd7 13.Ne2 Bxc3+ 14.bxc3 O-O 15.Rd1 Qe6 16.h4 g4 17.Bd6 Nxd6 18.cxd6 Qxd6
19.e4 Rae8 20.Rxd5 Qe6 21.Rd4 Nc5 $44 {~/= Goldin,A-Lautier,J/Palma de 
Mallorca (GMA) 48/(739) 1989} ) 11.Ne2 ( 11.Be5 O-O 12.Bd3 Nc6 13.Bxe4 
Nxe5 14.Bxd5 ( 14.Bh7+ $6 Kg7 15.Bd3 d4 ( 15...Bg4 16.Ne2 Bxe2 17.Bxe2 
Rac8 18.O-O Bxc3 19.bxc3 Qxc5 $10 {Ryskin,A-Pushkov,N/Sochi 1993 (34)} ) 
16.exd4 Nxd3+ ( 16...Bxc3+ 17.bxc3 Nxd3+ 18.Qxd3 Bf5 19.Qc4 $8 ( 19.Qf3 $2
Rfe8+ 20.Ne2 Bg4 21.Qxg4 Qxc3+ $19 ) ( 19.Qd2 Rfe8+ 20.Ne2 Qa6 21.Rd1 Re7 
{/\ Rae8-+} ) 19...Rfe8+ 20.Kd2 $8 ( 20.Ne2 $2 b5 21.cxb6 Rac8 22.Qb4 Qxb4
23.cxb4 Bd3 ) 20...b5 $13 {Sokolov,I-Short,N/Wijk (op) 62/558 1995 (63)} (
20...Qa3 21.Qb5 $1 $13 ) ) 17.Qxd3 Re8+ 18.Ne2 b6 $132 ) 14...Bg4 $1 $10 
15.Nf3 Bxf3 16.Bxf3 Nxf3+ 17.gxf3 Rac8 18.O-O {1/2-1/2 
Kasparov,G-Short,N/London (m/5) 59/(593) 1993} ) 11...Nc6 ( 11...Bf5 12.
Be5 $1 ( 12.Qc1 Nd7 13.Bd6 Ndxc5 14.Bxc5 Qxc5 15.a3 Bxc3+ 16.Nxc3 Nxc3 17.
Qxc3 Qxc3+ {1/2-1/2 Relange,E-Ward,C/Paris-London (02) 1994} ) 12...O-O ( 
12...Nxc3 $2 13.Qxf5 Ne4+ 14.Nc3 $1 ) ( 12...f6 $5 $13 ) ( 12...Nc6 $132 )
( 12...Bg6 $132 ) 13.Nd4 Bg6 $2 ( 13...Re8 $13 ) ( 13...Nc6 $13 ) ( 13...
Nd7 $13 ) ( 13...Nxc3 14.Nxf5 ( 14.Qxf5 Ne4+ 15.Ke2 Nc6 16.Nxc6 Qa6+ 17.
Kf3 Qxc6 18.Bd3 Bxc5 19.Bxe4 dxe4+ 20.Qxe4 f6 $17 {0-1 
Relange,E-Emms,J/Paris-London (04) 1994 (29)} ) 14...Ne4+ 15.Kd1 Nc6 16.
Bg3 Bxc5 $13 {Law,A-Ward,C/Lloyds Bank op(08) 1994 (25)} ) 14.Nb3 $1 Nxc3 
( 14...Qa4 $6 15.Bd3 ) ( 14...Qd8 15.Bd3 Nc6 16.Bd4 ) 15.Bxc3 $1 $16 {
Kasparov,G-Short,N/London (m/9)/1993/1-0 (52)} ) 12.a3 ( 12.f3 $1 Nxg3 $1 
( 12...Nxc5 13.a3 $1 Be6 14.Rd1 Bxc3+ 15.Qxc3 Qxc3+ 16.Nxc3 O-O-O 17.Nb5 
$14 ) ( 12...Nxc3 13.Nxc3 Qxc5 14.Qd2 Be6 15.a3 $14 ) 13.hxg3 Bxc5 ( 13...
Qxc5 $6 14.a3 Bxc3+ 15.Qxc3 Qxc3+ 16.Nxc3 $16 ) 14.Qd2 Be6 15.Nd4 ( 15.Rd1
$2 d4 $1 16.Nxd4 Nxd4 17.exd4 O-O-O $1 $40 ) 15...Nxd4 16.exd4 Bb4 $6 ( 
16...Be7 17.Bb5+ $1 Kf8 18.Ba4 $1 Bf6 19.Bb3 Kg7 20.Kf2 Rad8 21.Rad1 $14 {
/\ g4, Ne2-g3} ) ( 16...Bd6 17.Bb5+ Kf8 18.Kf2 Rc8 19.Bd3 $14 ) 17.a3 Bxc3
( 17...Rc8 $6 18.Rc1 $14 ) 18.Qxc3 Qxc3+ 19.bxc3 $14 {
Alterman,B-Kortschnoj,V/Groningen/1993/ (40)} ) ( 12.O-O-O $2 Bf5 $1 $17 {
Etchegaray-Bogoevska/Moscow ol (14) 1994/1-0 (78)} ) 12...Bf5 ( 12...Bxc5 
$5 {Dautov} 13.O-O-O Nxg3 14.Nxg3 Be6 15.h4 g4 16.Nb5 $5 $14 ) 13.Qc1 Nxc5
( 13...Bxc3+ 14.Nxc3 Nxc3 15.Qxc3 Qxc3+ 16.bxc3 $16 ) 14.axb4 Nd3+ ( 14...
Qxb4 15.Nd4 $18 ) 15.Kd2 Qxb4 ( 15...Nxc1 16.Rxa5 Nb3+ 17.Ke1 $1 Nxb4 18.
Rxd5 Nxd5 19.Nxd5 $16 ) 16.Ra4 ( 16.Qc2 Nxf2 ( 16...Nc5 {Dautov} 17.Qxf5 
Qxb2+ 18.Ke1 ( 18.Qc2 Nb3+ {Dolmatov} 19.Kd1 Qxa1+ 20.Nc1 ) 18...Qxa1+ 19.
Nd1 Ne7 20.Qc2 Ne4 $40 ) 17.Qxf5 Qxb2+ 18.Ke1 Nxh1 19.Rb1 Qa3 20.Rxb7 O-O 
21.Nxd5 $16 ) 16...Nxc1 17.Rxb4 Nxe2 ( 17...Nxb4 18.Nxc1 $16 ) 18.Rxb7 
Nxg3 ( 18...Nxc3 19.bxc3 O-O 20.h4 $16 ) 19.hxg3 d4 ( 19...Rd8 20.Bb5 Bd7 
21.Nxd5 $16 ) 20.exd4 ( 20.Nb5 Rd8 21.exd4 Nxd4 22.Nxd4 Rxd4+ 23.Kc3 $16 )
( 20.Nd5 $5 {Dolmatov} 20...dxe3+ ( 20...O-O-O 21.Ba6 $16 ) ( 20...Rd8 21.
e4 $14 ) 21.Kxe3 ( 21.Nxe3 $2 O-O-O+ ) 21...O-O ( 21...Rd8 22.Bb5 $1 $16 )
22.Rxh6 Rfe8+ 23.Kd2 Rad8 24.Rxc6 Rxd5+ 25.Kc3 $16 ) 20...Nxd4 21.Nd5 ( 
21.Bc4 $2 {Dautov} 21...O-O-O $1 22.Rxf7 Nb3+ 23.Ke1 Rhe8+ 24.Be2 Bd3 $15 
) 21...Rd8 ( 21...Kf8 $142 {Dautov} 22.Kc3 Ne6 23.Bc4 Nc5 24.Rc7 Ne6 25.
Rc6 Kg7 26.Ra1 $14 ) 22.Bc4 O-O ( 22...Nc6 23.Kc3 $16 ) ( 22...Be6 23.Nc7+
Kf8 24.Nxe6+ Nxe6+ 25.Kc3 $16 ) 23.Kc3 ( 23.Rxh6 $2 {Dautov} 23...Be4 ( 
23...Be6 {Dolmatov} 24.Ne7+ Kg7 $17 ) 24.Nf6+ Kg7 25.Nxe4 Kxh6 26.Bxf7 $10
) 23...Ne2+ 24.Kb4 {/\Ne7,Rxh6} ( 24.Bxe2 {Dolmatov} 24...Rxd5 25.Rxa7 
Rc8+ 26.Bc4 Rd3+ $10 ) 24...Nd4 ( 24...Kg7 25.Rd1 Bg4 ( 25...Rb8 26.Rxb8 
Rxb8+ 27.Ka3 Re8 28.Re1 Be6 29.Rxe2 Bxd5 30.Rxe8 Bxc4 31.g4 $18 ) 26.Rd2 (
26.f3 {Dautov} 26...Be6 27.Bxe2 Rxd5 28.Rxd5 Bxd5 29.Rxa7 $16 ) 26...Rfe8 
( 26...Rb8 27.Rxb8 Rxb8+ 28.Ka5 Nc1 29.Ka6 $16 ) 27.Rxa7 $16 {
Beliavsky,A-Timman,J/Madrid (02) ,CBM 47 1995 (33)} ) ( 24...Rb8 25.Ne7+ 
Kh7 26.Rxb8 Rxb8+ 27.Ka3 ( 27.Kc5 {Dautov} 27...Bg4 28.Re1 Rxb2 29.f3 $16 
) 27...Bg4 28.Nd5 Be6 29.Rd1 Bxd5 30.Rxd5 {xNe2} ) 25.Ne7+ ( 25.Rxh6 $2 
Be4 26.Ne7+ Kg7 $17 ) 25...Kg7 26.Rxa7 ( 26.Nxf5+ Nxf5 27.Rxa7 Rd2 $132 ) 
26...Rb8+ 27.Kc5 ( 27.Kc3 Nb5+ 28.Bxb5 Rxb5 {Dautov} 29.b4 ( 29.Nxf5+ Rxf5
30.f3 Rc8+ 31.Kb3 ( 31.Kd4 Rc2 $10 ) ( 31.Kd3 Rd5+ ) 31...Rb5+ 32.Ka3 Rc2 
$10 ) 29...Be6 ( 29...Rfb8 $2 30.Ra5 Be4 31.Rxb5 Rxb5 32.f3 $16 ) 30.Rha1 
Rfb8 ( 30...Kf6 ) 31.R1a4 Re5 $10 {/\} 32.Nc6 Rc8 33.R4a6 Re2 ) ( 27.Ka3 {
Dautov} 27...Nc2+ 28.Ka4 Be4 {/\Rb4,Rxb2} ) 27...Ne6+ 28.Bxe6 Bxe6 29.b4 
Rfd8 30.Re1 ( 30.Nc6 $4 {Dautov} 30...Rd5+ 31.Kc4 Rc8 32.b5 Rd1+ $19 ) 
30...Kf6 ( 30...Rd2 $4 {Dautov} 31.Rxe6 Rc2+ 32.Kd4 Rd8+ 33.Ke3 Rc3+ 34.
Ke4 Rc4+ 35.Ke5 fxe6 36.Nc6+ $18 ) 31.Rh1 ( 31.Re2 {Dautov} 31...Rd3 32.
Rc2 Bb3 33.Rc1 Rd2 34.Rc3 Be6 35.Rf3+ Kg7 36.Nf5+ Kh7 37.Ne3 Rc8+ 38.Kb6 
Rb8+ 39.Rb7 Rxb7+ 40.Kxb7 Rb2 $10 ) ( 31.b5 {Dolmatov} 31...Rd2 ) 31...Kg7
32.Re1 Kf6 33.Rh1 1/2-1/2

[Event "Novgorod it (PCA SC2)"]
[Site "Novgorod RUS"]
[Date "1995.06.05"]
[Round "9"]
[White "Kramnik, Vladimir"]
[Black "Ehlvest, Jaan"]
[Result "0-1"]
[WhiteElo "2715"]
[BlackElo "2615"]
[EventDate "1995.05.25"]
[Annotator "Ftacnik"]
[PlyCount "59"]
[Source "ChessBase"]

1.Nf3 {Hansen,Cu} 1...d5 2.d4 e6 3.c4 dxc4 4.Qa4+ Nd7 5.e4 Nf6 6.Nc3 a6 ( 
6...c5 7.d5 exd5 8.e5 d4 9.exf6 dxc3 10.Bxc4 Qxf6 11.Bg5 Qg6 12.O-O f6 13.
Rad1 c2 14.Rd2 fxg5 15.Ne5 Qf5 16.Nxd7 Bxd7 17.Rxd7 Qxd7 18.Bb5 Rd8 19.
Re1+ Be7 20.Qe4 Kf7 21.Bxd7 Rxd7 22.Qf5+ Ke8 23.Qxc5 $16 {
Kramnik,V-Polgar,Zsu/Monaco Amber 25'/1994/1-0 (118)} ) 7.Bxc4 Rb8 ( 7...
b5 $2 8.Bxb5 ) ( 7...c6 8.Be2 ( 8.Qd1 {Hansen,Cu} 8...Be7 ( 8...c5 {- 
44/513} ) 9.O-O O-O 10.a4 $1 b6 11.Bd3 Bb7 12.e5 $1 Nd5 13.Nxd5 cxd5 {
Kasparov,G-Short,N/London(m/3 rapid) 59/(478)/1993} 14.b4 $1 b5 15.axb5 
axb5 16.Bd2 $16 {><b5 Makarichev,S} ) ( 8.Qc2 c5 ( 8...b5 9.Bd3 Be7 $2 10.
e5 Nd5 11.Nxd5 cxd5 12.Bxh7 $18 {1-0 Krasenkov,M-Mesropov,K/Moscow4 1991 
(21)} ) 9.dxc5 Bxc5 10.O-O Qc7 11.Qe2 Ng4 12.Bb3 $13 {
Knezevic,M-Romanishin,O/Kiev 25/550 1978 (36)} ) 8...b5 9.Qc2 Bb7 10.e5 
Nd5 11.Nxd5 cxd5 12.O-O Be7 13.Bd3 Rc8 14.Qe2 Nb6 15.b3 h5 16.Bd2 Kd7 17.
Ba5 Rc6 18.g3 Qb8 19.h4 g6 20.Qd2 {1-0/Arbakov,V-Baron Rodriguez,J/Linares
op/1995/} ) ( 7...c5 {Hansen,Cu} 8.dxc5 Bxc5 9.e5 Ng4 10.Ne4 Qc7 11.Be2 
Nxe5 12.Nxe5 Qxe5 13.Nxc5 Qxc5 14.Be3 Qe7 15.O-O O-O 16.Rac1 Rd8 17.Rc7 
$16 {Taimanov,M-Kots,Y/URS-ch30 Erevan 1962 (27)} ) 8.Qc2 b5 9.Bd3 ( 9.Be2
Bb7 10.O-O $2 ( 10.e5 Nd5 11.O-O c5 $10 {Ivanchuk,V} ) ( 10.a3 {Hansen,Cu}
10...c5 11.dxc5 Bxc5 $10 {Espina,Carlos-Pilnik,Herman/Mar del Plata (08) 
1942 (33)} ) 10...b4 $1 11.e5 bxc3 12.exf6 cxb2 $1 13.fxg7 $6 ( 13.Bxb2 
gxf6 $1 $17 ) 13...bxa1=N $3 14.gxh8=Q ( 14.gxf8=Q+ Rxf8 15.Qc3 Rg8 16.
Qxa1 Qf6 $17 ) 14...Nxc2 15.Bg5 Bxf3 ( 15...f6 $5 16.Qxh7 fxg5 17.Qg6+ Ke7
18.Qxc2 $17 ) ( 15...Qc8 $2 16.Qxh7 Bxf3 17.Bxf3 Nxd4 18.Bh5 $40 ) 16.Bxd8
Bxe2 17.Bxc7 ( 17.Rc1 $2 Kxd8 $1 $19 ) 17...Rb7 18.Bd6 ( 18.Rc1 $2 Rxc7 
19.Qxh7 Bb5 $1 {/\} 20.Rxc2 $2 Nf6 $19 ) 18...Bxf1 19.Kxf1 Rb6 20.Bxf8 $6 
( 20.Bc5 $1 Nxc5 21.dxc5 Rc6 22.Qxh7 $15 ) 20...Nxf8 $17 {Xu 
Jun-Ivanchuk,V/Luzern/1993/} ) ( 9.Bb3 c5 10.Bf4 c4 11.Bxc4 bxc4 12.Bxb8 
Nxb8 13.d5 Nbd7 $1 $13 ) 9...Bb7 ( 9...c5 10.Bf4 Rb6 $13 ) 10.Bf4 ( 10.O-O
{Hansen,Cu} 10...c5 11.Bf4 Rc8 12.d5 c4 $10 {Opocensky,K-Lundin,E/Buenos 
Aires ol-fin (12) 1939 (35)} ) 10...Rc8 11.Rd1 c5 12.d5 c4 13.dxe6 cxd3 
14.exf7+ $2 ( 14.exd7+ Qxd7 15.Rxd3 Qg4 $36 ) 14...Kxf7 15.Rxd3 {White 
fails to have enough for the sacrificed piece.} ( 15.Ng5+ Kg8 16.Qb3+ Rc4 
$17 ) 15...Qe8 $1 16.O-O ( 16.Ng5+ Kg8 17.Qb3+ Rc4 {/\Nc5} ) 16...Nc5 17.
Re3 Kg8 18.Rfe1 ( 18.e5 Ng4 19.Re2 Qf7 $17 ) 18...h6 19.e5 Nh5 20.Bg3 ( 
20.e6 Nxf4 21.e7 Qh5 $19 ) 20...Ne6 $1 {This ends the actuall fight, white
has no claim on compensation.} 21.Qf5 Qf7 22.Qg4 ( 22.Qxf7+ Kxf7 $19 ) 
22...Nxg3 23.hxg3 h5 24.Qh4 Bc5 25.Rd3 g5 26.Qh1 ( 26.Nxg5 $2 Qxf2+ 27.Kh2
Qxg2# ) 26...g4 27.Ne4 Bxe4 28.Rxe4 Qf5 29.Qh4 Rh6 ( 29...Qxe4 30.Qf6 Re8 
$19 ) 30.Nd2 ( 30.Nd2 {Hansen,Cu} 30...Qxf2+ 31.Kh2 Qg1# ) 0-1